Estado, excedente y mediaciones en el pensamiento político de René Zavaleta /

El presente artículo trata de presentar algunos conceptos esenciales del sociólogo boliviano René Zavaleta Mercado. Se trata de la relación entre excedente, Estado y mediación. Localizando los puntos problemáticos, las transformaciones conceptuales en su obra y su posible utilidad en el análisis con...

Full description

Bibliographic Details
Main Author: Ortega Reyna, Jaime
Format: Analitica de revista
Language:English
Published: Santiago, Chile Arcis 2010
Online Access:

MARC

LEADER 00000cab a2200000 a 4500
001 024653
003 UAHC_CL
005 20170816141149.0
008 120306b2006 xx j 000 1 eng
952 |0 0  |1 0  |4 0  |6 AMERICA_LATINA10_11_000000000000000  |7 0  |8 General  |9 49225  |a BC  |b BC  |c General  |d 2017-08-03  |l 0  |o AMERICA LATINA-10/11  |p FICTICIO262  |r 2019-01-08 00:00:00  |t 1  |w 2017-08-03  |y REVA 
999 |c 24653  |d 24653 
022 |a 07177097 
040 |a UAHC_CL  |c UAHC_CL  |d UAHC_CL 
100 1 |a Ortega Reyna, Jaime 
245 1 0 |a Estado, excedente y mediaciones en el pensamiento político de René Zavaleta /  |c Jaime Ortega Reyna. 
260 |b Arcis  |a Santiago, Chile  |c 2010 
300 |a p. 203-224 
500 |a En: América Latina, n˚10, 2010. ISBN 07177097. p. 203-224. 
520 |a El presente artículo trata de presentar algunos conceptos esenciales del sociólogo boliviano René Zavaleta Mercado. Se trata de la relación entre excedente, Estado y mediación. Localizando los puntos problemáticos, las transformaciones conceptuales en su obra y su posible utilidad en el análisis contemporáneo de la realidad de América Latina. 
773 0 |t América Latina : revista del doctorado en procesos sociales y políticos en América Latina  |w 024597 
900 |a AMERICA LATINA-10/11 
942 |c REVA  |2 ddc